000 00689nam a22001937a 4500
999 _c20051
_d20051
003 AR-CdUCM
008 190525b ||||| |||| 00| 0 spa d
040 _aMUNICIPALIDAD PROVINCIAL DEL CUSCO
_cBIBLIOTECA MUNICIPAL DEL CUSCO
082 _a974.022 /
_bM77
100 _aMonroy Padilla, María Isabel
_941949
245 _aGuía de actas de cabildo de la ciudad de México :
_baños 1601-1610 siglo XVII /
260 _aMéxico :
_bDepartamento del distrito federal,
_c1987.
300 _a466 páginas ;
_c23 cm.
505 _aContenido: Colonia Mexicana.
650 _aColonia Mexicana
_941950
650 _aActas de cabildo
_941951
942 _2ddc
_cLIBROS
945 _adavv
_d2019-05-25